000 00608nam a2200181Ia 4500
003 GCL
008 140319s9999 xx 000 0 ara d
040 _aGCL /
_cGCL
082 0 4 _aق
_b418.02
_bهـ ح
100 1 _aهاشم فرحات سيد
245 1 0 _aحركة الترجمة فى مصر :
_bدراسة بيليومترية للاتجاهات العددية والنوعية /
_cهاشم فرحات سيد
260 _aالقاهرة :
_bالعربى للنشر والتوزيع
300 _a179 ص ؛
_c24 سم
490 _a
650 0 4 _aمصر
650 0 4 _aالترجمة
942 _2ddc
_cBK
999 _c57901
_d57901